|
|
|
|
| LEADER |
00000nam0a2200000 4500 |
| 001 |
17617 |
| 005 |
20231101205145.0 |
| 010 |
|
|
|a 5869490138
|
| 035 |
|
|
|a (RuTPU)RU\TPU\book\17762
|
| 035 |
|
|
|a BOOK00000055
|
| 090 |
|
|
|a 17617
|
| 100 |
|
|
|a 20011209d1994 m y0rusy50 ca
|
| 101 |
0 |
|
|a rus
|
| 102 |
|
|
|a RU
|
| 105 |
|
|
|a y j 000zy
|
| 200 |
1 |
|
|a Педагогика социальной работы
|f В. Г. Бочарова
|
| 210 |
|
|
|a Москва
|c SvR-Аргус
|d 1994
|
| 215 |
|
|
|a 208 с.
|
| 606 |
1 |
|
|a Социальная работа
|x Теория
|2 stltpush
|3 (RuTPU)RU\TPU\subj\36954
|9 58145
|
| 610 |
1 |
|
|a экономика
|
| 610 |
1 |
|
|a педагогика
|
| 610 |
1 |
|
|a социальные педагоги
|
| 610 |
1 |
|
|a социальная работа
|
| 610 |
1 |
|
|a социальная педагогика
|
| 610 |
1 |
|
|a кадры
|
| 610 |
1 |
|
|a учебные пособия
|
| 686 |
|
|
|a У9(2)272я73
|v LBC/SL-A
|2 rubbk
|
| 700 |
|
1 |
|a Бочарова
|b В. Г.
|g Валентина Георгиевна
|
| 801 |
|
0 |
|a RU
|b 63413507
|c 20011209
|g PSBO
|
| 801 |
|
2 |
|a RU
|b 63413507
|c 20220427
|g PSBO
|
| 900 |
|
|
|a Содержание и методика педагогической деятельности в системе социальной работы
|
| 942 |
|
|
|c BK
|